The theory of probability /
Guardado en:
| Autor Principal: | |
|---|---|
| Formato: | Libro |
| Idioma: | English Russian |
| Publicado: |
New York :
Chelsea,
c1962.
|
| Etiquetas: |
Agregar Etiqueta
Sin Etiquetas, Sea el primero en etiquetar este registro!
|
| LEADER | 00736nam a22001815a 4500 | ||
|---|---|---|---|
| 001 | MAT.inmabb001102 | ||
| 008 | 031120s1962####nyu###########000#0#eng#d | ||
| 005 | 20160407151759.0 | ||
| 245 | 1 | 4 | |a The theory of probability / |c by B. V. Gnedenko ; translated from the Russian by B. D. Seckler. |
| 260 | |a New York : |b Chelsea, |c c1962. | ||
| 300 | |a 459 p. ; |c 24 cm. | ||
| 500 | |a "... a close translation of an amplified version of the second Russian ed. of Gnedenko's Kurs Teorii Veroyatnostei." --Translator's preface. | ||
| 100 | 1 | |a Gnedenko, B. V. |q (Boris Vladimirovich), |d 1912-1995. | |
| 240 | 1 | 0 | |a Kurs teorii veroiatnostei. |l Inglés |
| 084 | |a 60 |2 msc2000 | ||
| 010 | |a 61013496 | ||
| 041 | 1 | |a eng |h rus | |
| 859 | |h 60 |i G571t |p A-1066 |b BIB. MATEMATICA | ||
